Vista normal
Vista MARC
Entrada Personal Name
Número de registros utilizados en: 1
001 - CONTROL NUMBER
- control field: 12699
003 - CONTROL NUMBER IDENTIFIER
- control field: DLC
005 - DATE AND TIME OF LATEST TRANSACTION
- control field: 20220606101939.0
008 - FIXED-LENGTH DATA ELEMENTS
- fixed length control field: 830809n| azannaabn |n aaa
010 ## - LIBRARY OF CONGRESS CONTROL NUMBER
- LC control number: n 83193334
040 ## - CATALOGING SOURCE
- Original cataloging agency: DLC
- Language of cataloging: spa
- Description conventions: rda
- Transcribing agency: Mx-PuUPA
- Modifying agency: DLC
- Modifying agency: Mx-PuUPA
046 ## - SPECIAL CODED DATES
- Birth date: 192909
- Death date: 201502
- Source of date scheme: edtf
100 1# - HEADING--PERSONAL NAME
- Personal name: Bell, Judith,
- Dates associated with a name: 1929-2015
370 ## - ASSOCIATED PLACE
- Place of birth: Nottinghamshire (Inglaterra)
- Source of term: naf
374 ## - OCCUPATION
- Occupation: Autora
375 ## - GENDER
- Gender: mujer
377 ## - ASSOCIATED LANGUAGE
- Language code: eng
378 ## - FULLER FORM OF PERSONAL NAME
- Fuller form of personal name: Judith Margaret
670 ## - SOURCE DATA FOUND
- Source citation: Her So you want to get a degree? 1984:
- Information found: CIP t.p. (Judith Bell) data sheet (b. 9/25/30)
670 ## - SOURCE DATA FOUND
- Source citation: Her Doing your research project, 1993:
- Information found: CIP t.p. (Judith Bell) data sheet (Bell, Judith Margaret, b. 9/25-30)
670 ## - SOURCE DATA FOUND
- Source citation: Doing your research project, 2018:
- Information found: t.p. (Judith Bell) foreword (Judith Margaret Bell; b. Sept. 1929, Nottinghamshire; d. Feb. 2015)